Tennis: junior+senior winners of same grand slam - Statistics

General Stats
  • This quiz has been taken 46 times
    3 since last reset
  • The average score is 6 of 8
Answer Stats
Hint Answer % Correct
U.S. Open (G+W) Lindsay Davenport
100%
Australian Open (B+M) Stefan Edberg
100%
Australian Open (G+W) Victoria Azarenka
100%
U.S. Open (B+M) Andy Murray
67%
Wimbledon (B+M) Roger Federer
67%
French Open (B+M) Stanislas Wawrinka
67%
French Open (G+W) Coco Gauff
33%
Wimbledon (G+W) Iga Swiatek
33%
No matching quizzes found
Score Distribution
Percent of People with Each Score
Percentile by Number Answered
Your Score History
You have not taken this quiz since the last reset